| 000 | 00518nam a2200193Ia 4500 | ||
|---|---|---|---|
| 003 | GCL | ||
| 008 | 140319s9999 xx 000 0 eng d | ||
| 040 |
_aGCL / _cGCL |
||
| 082 | 0 | 4 |
_a005.469 _bM W |
| 100 | 1 | _aMANSFIELD, RICHARD | |
| 245 | 1 | 0 |
_aTHE WINDOWS 95 BOOK / _cMANSFIELD, RICHARD |
| 700 | 1 | _aBRANNON, CHARLES | |
| 260 |
_a[S.N] : _bVENTANA COMMUNICATION ، _c1995 |
||
| 300 | _a1185 P | ||
| 650 | 0 | 4 | _aشعر الحرب |
| 650 | 0 | 4 | _aOPERATINGS SYSTEMS COMPUTERS |
| 650 | 0 | 4 | _aMICROSOFT |
| 942 |
_2ddc _cBK |
||
| 999 |
_c11743 _d11743 |
||